La leyenda de Carlos Rojas
Gorde:
| Egile nagusia: | |
|---|---|
| Formatua: | Liburua |
| Hizkuntza: | Undetermined |
| Argitaratua: |
La Habana, Cuba
Pablo de la Torriente
1989
|
| Gaiak: | |
| Etiketak: |
Etiketa erantsi
Etiketarik gabe, Izan zaitez lehena erregistro honi etiketa jartzen!
|
MARC
| LEADER | 00000nam a2200000Ia 4500 | ||
|---|---|---|---|
| 008 | 170316s9999 xx 000 0 und d | ||
| 040 | |a cru BVZT | ||
| 090 | |a 860 S-15L | ||
| 100 | |a Santos Moray, Mercedes |9 992 | ||
| 245 | |a La leyenda de Carlos Rojas |c / Mercedes Santos Moray | ||
| 260 | |a La Habana, Cuba |b Pablo de la Torriente |c 1989 | ||
| 300 | |a 184 páginas | ||
| 650 | |a LITERATURA LATINOAMERICANA |9 15 | ||
| 999 | |c 8290 |d 8290 | ||
| 942 | |c 15 D |h 860 S-15L |2 z | ||
